[Event "Frankfurt Ch 2008"]
[Site "Ffm-Kalbach, LAZ"]
[Date "2008.05.26"]
[Round "4.1"]
[White "Pfrommer, Christoph"]
[Black "Uwira, Oliver"]
[Result "0-1"]
[WhiteElo "2403"]
[BlackElo "2305"]
[PlyCount "117"]
[EventDate "2008.??.??"]

1. c4 e6 2. Nf3 Nf6 3. g3 d5 4. b3 Be7 5. Bg2 O-O 6. O-O c5 7. e3 Nc6 8. Bb2 d4
9. exd4 cxd4 10. Re1 Ne8 11. d3 f6 12. Na3 e5 13. Nc2 Nc7 14. Ba3 Bxa3 15. Nxa3
a5 16. Nc2 Na6 17. Nd2 Ncb4 18. Nxb4 Nxb4 19. Qb1 Bf5 20. Ne4 Qc7 21. a3 Nc6
22. Qb2 Qe7 23. Rab1 Kh8 24. b4 axb4 25. axb4 Ra4 26. b5 Nb4 27. Qd2 Na2 28. h4
Rfa8 29. Qe2 h6 30. Qf3 Bxe4 31. Qxe4 Nc3 32. Qxb7 Qxb7 33. Bxb7 R8a7 34. Ba6
Nxb1 35. Rxb1 Kg8 36. b6 R4xa6 37. bxa7 Rxa7 38. Kf1 Ra3 39. Ke2 Rc3 40. Rb7 h5
41. Rd7 Kh7 42. f4 Kg6 43. Re7 exf4 44. gxf4 Rc2+ 45. Kf3 Rd2 46. Rd7 Rxd3+ 47.
Ke4 Rh3 48. f5+ Kh6 49. Rxd4 Rxh4+ 50. Kd5 Rxd4+ 51. Kxd4 h4 52. c5 h3 53. c6
h2 54. c7 h1=Q 55. c8=Q Qg1+ 56. Ke4 Qg4+ 57. Ke3 Qg3+ 58. Ke2 Qe5+ 59. Kd2 {
...} 0-1

[Event "Frankfurt Ch 2008"]
[Site "Ffm-Kalbach, LAZ"]
[Date "2008.05.26"]
[Round "4.2"]
[White "Voropaev, Gleb"]
[Black "Stelzer, Harald"]
[Result "0-1"]
[WhiteElo "2287"]
[BlackElo "2228"]
[PlyCount "70"]
[EventDate "2008.??.??"]

1. e4 c5 2. Nf3 d6 3. c3 Nf6 4. Be2 g6 5. O-O Bg7 6. Re1 O-O 7. Bf1 e5 8. d4
cxd4 9. cxd4 exd4 10. Nxd4 d5 11. e5 Ng4 12. Bf4 Re8 13. Bb5 Nc6 14. Nxc6 bxc6
15. Bxc6 Qb6 16. Bxe8 Qxf2+ 17. Kh1 Qxf4 18. g3 Qf5 19. Qe2 Bb7 20. Bb5 d4+ 21.
Kg1 Nxe5 22. Nd2 Nf3+ 23. Nxf3 Bxf3 24. Qd3 Qg4 25. Bd7 Qh5 26. Qb5 d3 27. Qxd3
Qc5+ 28. Kf1 Qh5 29. Rac1 Bb7 30. Rc2 Bf8 31. g4 Qa5 32. Bb5 Rd8 33. Qe2 Rd4
34. h3 Re4 35. b4 Rxe2 0-1

[Event "Frankfurt Ch 2008"]
[Site "Ffm-Kalbach, LAZ"]
[Date "2008.05.26"]
[Round "4.3"]
[White "Solonar, Stefan"]
[Black "Kayser, Felix"]
[Result "1/2-1/2"]
[WhiteElo "2363"]
[BlackElo "2206"]
[PlyCount "28"]
[EventDate "2008.??.??"]

1. c4 c5 2. Nf3 g6 3. e4 Nc6 4. d4 cxd4 5. Nxd4 Nf6 6. Nc3 d6 7. Be2 Nxd4 8.
Qxd4 Bg7 9. O-O O-O 10. Bg5 Be6 11. Qe3 Re8 12. Rfd1 Qa5 13. Rac1 Rac8 14. b3
a6 1/2-1/2

[Event "Frankfurt Ch 2008"]
[Site "Ffm-Kalbach, LAZ"]
[Date "2008.05.26"]
[Round "4.4"]
[White "Sadeghi, Behrang"]
[Black "Schramm, Christian"]
[Result "0-1"]
[WhiteElo "2283"]
[BlackElo "2331"]
[PlyCount "111"]
[EventDate "2008.??.??"]

1. e4 c5 2. Nc3 g6 3. f4 Nc6 4. Nf3 Bg7 5. Bb5 Nd4 6. Nxd4 cxd4 7. Ne2 Qb6 8.
Ba4 Nf6 9. d3 O-O 10. O-O Nxe4 11. dxe4 d3+ 12. Kh1 dxe2 13. Qxe2 Qa5 14. Bb3
b6 15. Bd2 Ba6 16. c4 Qc5 17. a3 d6 18. Rac1 Rac8 19. Bb4 Qc6 20. Rfe1 Bb7 21.
Bc3 a5 22. a4 Qc5 23. Qd2 Rfd8 24. Bxg7 Kxg7 25. Bd1 Qb4 26. Qxb4 axb4 27. b3
Rc5 28. Bf3 g5 29. g3 h5 30. Rcd1 gxf4 31. gxf4 Rf5 32. Rg1+ Kh6 33. Bg2 Rxf4
34. e5 Bxg2+ 35. Rxg2 Rf5 36. Re2 Kg7 37. Rg1+ Kf8 38. Reg2 e6 39. Rg8+ Ke7 40.
Rxd8 Kxd8 41. exd6 Kd7 42. Kg2 Rg5+ 43. Kf2 Rxg1 44. Kxg1 Kxd6 45. Kf2 f5 46.
Ke3 e5 47. Kd3 e4+ 48. Kd4 Ke6 49. Ke3 Ke5 50. Ke2 Kd4 51. Kd2 f4 52. Ke2 e3
53. h4 Ke4 54. Ke1 f3 55. Kd1 Kd3 56. c5 0-1

[Event "Frankfurt Ch 2008"]
[Site "Ffm-Kalbach, LAZ"]
[Date "2008.05.26"]
[Round "4.5"]
[White "Isserman, Ryhor"]
[Black "Reschke, Thomas"]
[Result "0-1"]
[WhiteElo "2273"]
[BlackElo "2226"]
[PlyCount "44"]
[EventDate "2008.??.??"]

1. e4 g6 2. d4 Bg7 3. Nf3 c6 4. c3 d5 5. Nbd2 dxe4 6. Nxe4 Nd7 7. Bc4 Ndf6 8.
Neg5 Nd5 9. O-O Nh6 10. Qe2 O-O 11. Re1 Re8 12. Qe4 Nf5 13. Qe2 Nd6 14. Bb3 h6
15. c4 hxg5 16. cxd5 cxd5 17. Bxd5 Nf5 18. Qe4 g4 19. Ne5 e6 20. Bc4 Qxd4 21.
Nxg4 Qxe4 22. Rxe4 Nd6 0-1

[Event "Frankfurt Ch 2008"]
[Site "Ffm-Kalbach, LAZ"]
[Date "2008.05.26"]
[Round "4.6"]
[White "Zuyev, Igor"]
[Black "Klundt, Klaus"]
[Result "1/2-1/2"]
[WhiteElo "2265"]
[BlackElo "2378"]
[PlyCount "97"]
[EventDate "2008.??.??"]

1. e4 c5 2. Nf3 Nc6 3. Bb5 d6 4. O-O Bd7 5. Re1 Nf6 6. c3 a6 7. Bxc6 Bxc6 8. e5
dxe5 9. Nxe5 Qd5 10. Nxc6 Qxc6 11. d3 e6 12. Bg5 Be7 13. Nd2 Rd8 14. Re3 Nd5
15. Rg3 Bxg5 16. Rxg5 O-O 17. Qg4 g6 18. Re1 Nf6 19. Qf3 Qxf3 20. Nxf3 Nd5 21.
d4 cxd4 22. Nxd4 Rd6 23. Rg3 Rc8 24. Kf1 Rb6 25. Nb3 Rc4 26. Re2 Nf4 27. Rd2 e5
28. Re3 e4 29. f3 exf3 30. g3 Ne6 31. Na5 Rc7 32. Nb3 Rb5 33. Rxf3 a5 34. Rff2
a4 35. Nd4 Nxd4 36. Rxd4 a3 37. Rb4 Rbc5 38. b3 Rxc3 39. Ra4 Rc2 40. Rxa3 Rxf2+
41. Kxf2 Rc2+ 42. Kg1 Kg7 43. Ra5 Rb2 44. Rb5 Rxa2 45. Rxb7 h5 46. b4 Rb2 47.
b5 Kf6 48. h3 Ke6 49. b6 1/2-1/2

[Event "Frankfurt Ch 2008"]
[Site "Ffm-Kalbach, LAZ"]
[Date "2008.05.26"]
[Round "4.7"]
[White "Hoti, Safet"]
[Black "Schlamp, Robert"]
[Result "0-1"]
[WhiteElo "1978"]
[BlackElo "2333"]
[PlyCount "102"]
[EventDate "2008.??.??"]

1. d4 Nf6 2. c4 g6 3. Nc3 Bg7 4. e4 d6 5. Be2 O-O 6. Be3 c5 7. d5 e6 8. Nf3
exd5 9. exd5 Re8 10. h3 Bf5 11. O-O Ne4 12. Nxe4 Bxe4 13. Bd3 Bxf3 14. Qxf3 Nd7
15. Be2 Qb6 16. Rab1 Qa5 17. a3 Re7 18. Rfc1 Rae8 19. Bf1 Re4 20. Bd3 R4e7 21.
Qg3 Ne5 22. Bf1 b6 23. Bg5 f6 24. Be3 Qa4 25. Bd2 f5 26. Bg5 Rf7 27. Qh4 Qb3
28. Rc3 Qa2 29. Rcc1 Qb3 30. Rc3 Qa4 31. Re3 Ref8 32. Be7 f4 33. Rc3 Bf6 34.
Bxf6 Rxf6 35. b4 Kg7 36. bxc5 Qa5 37. Rb4 Qxc5 38. Kh2 f3 39. g4 R8f7 40. Re3
h6 41. Qg3 Rf4 42. Rb5 Qd4 43. Rb1 Kh7 44. Rbe1 g5 45. Bd3+ Kg7 46. Qg1 Rxg4
47. hxg4 Nxg4+ 48. Kh1 Nxe3 49. Rxe3 Rf4 50. Re7+ Kf8 51. Qe1 Rh4+ 0-1

[Event "Frankfurt Ch 2008"]
[Site "Ffm-Kalbach, LAZ"]
[Date "2008.05.26"]
[Round "4.8"]
[White "Schlapp, Thomas"]
[Black "Reschke, Stefan"]
[Result "1/2-1/2"]
[WhiteElo "2257"]
[BlackElo "2360"]
[PlyCount "27"]
[EventDate "2008.??.??"]

1. d4 Nf6 2. c4 g6 3. Nc3 Bg7 4. e4 d6 5. h3 e5 6. d5 a5 7. Nf3 Na6 8. Bg5 Bd7
9. Be2 Nc5 10. Nd2 c6 11. Nb3 b6 12. Nxc5 bxc5 13. Bxf6 Bxf6 14. Bg4 1/2-1/2

[Event "Frankfurt Ch 2008"]
[Site "Ffm-Kalbach, LAZ"]
[Date "2008.05.26"]
[Round "4.9"]
[White "Balló, Harald"]
[Black "Orwatsch, Gerhard"]
[Result "1/2-1/2"]
[WhiteElo "1981"]
[BlackElo "2088"]
[PlyCount "39"]
[EventDate "2008.??.??"]

1. d4 c5 2. d5 Nf6 3. c4 e5 4. Nc3 d6 5. e4 Be7 6. f3 Bd7 7. Be3 Na6 8. Bd3 O-O
9. Nge2 Ne8 10. O-O f5 11. exf5 Bxf5 12. Bxf5 Rxf5 13. Ng3 Rf8 14. Nge4 Nac7
15. Qd2 Qd7 16. Rab1 a5 17. b3 b5 18. a4 b4 19. Ne2 Nf6 20. N2g3 1/2-1/2

[Event "Frankfurt Ch 2008"]
[Site "Ffm-Kalbach, LAZ"]
[Date "2008.05.26"]
[Round "4.10"]
[White "Dubois De Luchet, E."]
[Black "Behnick, Eckhard"]
[Result "0-1"]
[WhiteElo "1967"]
[BlackElo "2156"]
[PlyCount "98"]
[EventDate "2008.??.??"]

1. d4 Nf6 2. c4 e6 3. Nf3 b6 4. g3 Bb7 5. Bg2 Bb4+ 6. Bd2 Be7 7. O-O O-O 8. Nc3
d6 9. Re1 Nbd7 10. e4 e5 11. d5 h6 12. Nh4 Re8 13. Nf5 Bf8 14. Bh3 Kh7 15. Be3
g6 16. Nh4 Bg7 17. Qd2 Bc8 18. f3 a6 19. b4 Nh5 20. Qf2 Bf6 21. Bxd7 Bxd7 22.
Ng2 Qe7 23. c5 bxc5 24. bxc5 Reb8 25. c6 Bc8 26. Rab1 Bg5 27. Ba7 Rxb1 28. Rxb1
Ng7 29. a4 Ne8 30. a5 f5 31. h4 Bf6 32. Na4 fxe4 33. fxe4 Bh3 34. Nb6 Rd8 35.
Ne3 h5 36. Kh2 Bc8 37. Nxc8 Rxc8 38. Qe2 Ra8 39. Qxa6 Bxh4 40. gxh4 Qxh4+ 41.
Kg1 Qxe4 42. Rf1 Qxe3+ 43. Bxe3 Rxa6 44. Rf8 Ra8 45. Rf7+ Kg8 46. Re7 Kf8 47.
Rh7 Rxa5 48. Rh8+ Kf7 49. Bg5 Nf6 0-1

[Event "Frankfurt Ch 2008"]
[Site "Ffm-Kalbach, LAZ"]
[Date "2008.05.26"]
[Round "4.11"]
[White "Mustafa, Wail"]
[Black "Koch, Ulrich"]
[Result "1/2-1/2"]
[WhiteElo "2104"]
[BlackElo "1859"]
[PlyCount "104"]
[EventDate "2008.??.??"]

1. Nf3 d5 2. d4 Nf6 3. c4 c6 4. e3 e6 5. a3 Bd6 6. Nbd2 Nbd7 7. Bd3 O-O 8. O-O
e5 9. cxd5 cxd5 10. dxe5 Nxe5 11. Nxe5 Bxe5 12. h3 Be6 13. Nf3 Bc7 14. Qa4 a6
15. Bd2 b5 16. Qd4 Bb6 17. Qb4 Ne4 18. Rac1 Nxd2 19. Qxd2 Qd6 20. Bb1 Rac8 21.
Rfd1 Qe7 22. Rxc8 Rxc8 23. Rc1 Rxc1+ 24. Qxc1 Qc7 25. Qxc7 Bxc7 26. Kf1 h6 27.
Ke2 Kf8 28. Ba2 Ke7 29. Kd3 Kd6 30. Nd4 Bd7 31. b4 f6 32. Bb3 g6 33. Bd1 h5 34.
g4 hxg4 35. hxg4 Bd8 36. f4 Be7 37. Nb3 g5 38. Kd4 Bd8 39. Kd3 f5 40. Nc5 gxf4
41. Nxd7 Kxd7 42. exf4 fxg4 43. Bxg4+ Kd6 44. Bc8 a5 45. Ba6 axb4 46. axb4 Kc6
47. f5 Be7 48. Kc3 Bd6 49. Bc8 Be5+ 50. Kd3 Kd6 51. Be6 Bb2 52. Kc2 Be5 1/2-1/2

[Event "Frankfurt Ch 2008"]
[Site "Ffm-Kalbach, LAZ"]
[Date "2008.05.26"]
[Round "4.12"]
[White "Minor, Samuel"]
[Black "Stadtmueller, Harald"]
[Result "1-0"]
[WhiteElo "2179"]
[BlackElo "2192"]
[PlyCount "116"]
[EventDate "2008.??.??"]

1. e4 d6 2. d4 Nf6 3. Nc3 c6 4. f4 Qa5 5. Bd3 e5 6. Nf3 Nbd7 7. O-O Be7 8. Kh1
O-O 9. Qe1 Re8 10. a3 Qc7 11. b4 Bf8 12. Bb2 a5 13. Qh4 axb4 14. axb4 Rxa1 15.
Bxa1 exd4 16. Nxd4 g6 17. e5 dxe5 18. fxe5 Qxe5 19. Nf5 gxf5 20. Ne2 Qd6 21.
Ng3 Ne5 22. Bxf5 Bg7 23. Bxc8 Ng6 24. Qg5 Ne4 25. Qf5 Nxg3+ 26. hxg3 Ne5 27.
Bxb7 Qh6+ 28. Qh3 Qd2 29. Qh5 Ng6 30. Bxg7 Re1 31. Rxe1 Qxe1+ 32. Kh2 Kxg7 33.
Bxc6 Qxb4 34. Qf5 Qd2 35. Bf3 Qh6+ 36. Qh5 Qd2 37. Be4 Qc3 38. Bd3 Qd4 39. Qf5
Qe3 40. Qh5 Qd4 41. Be2 Qc3 42. Qf5 Ne5 43. Bh5 Ng6 44. Qd3 Qe5 45. Bg4 Qc5 46.
c4 Ne5 47. Qf5 Nxg4+ 48. Qxg4+ Kf8 49. Qe4 Qh5+ 50. Qh4 Qc5 51. Qd8+ Kg7 52.
Qd5 Qe3 53. Qh5 Qe4 54. c5 Kf6 55. Qh6+ Qg6 56. Qf4+ Ke7 57. Qc7+ Ke8 58. Qe5+
Kd7 {...} 1-0

[Event "Frankfurt Ch 2008"]
[Site "Ffm-Kalbach, LAZ"]
[Date "2008.05.26"]
[Round "4.14"]
[White "Kreiling, Carsten"]
[Black "Krüger, Till"]
[Result "1/2-1/2"]
[WhiteElo "2126"]
[BlackElo "2069"]
[PlyCount "63"]
[EventDate "2008.??.??"]

1. d4 Nf6 2. c4 e6 3. Nf3 b6 4. a3 Bb7 5. Nc3 d5 6. cxd5 Nxd5 7. Nxd5 Qxd5 8.
g3 c5 9. Be3 cxd4 10. Bxd4 Nc6 11. Bc3 Qxd1+ 12. Rxd1 Rd8 13. Rxd8+ Nxd8 14.
Bg2 f6 15. O-O Bd6 16. Nd4 Bxg2 17. Kxg2 a6 18. Rc1 Kd7 19. Bb4 Bxb4 20. axb4
e5 21. Nf5 Ne6 22. Rd1+ Kc7 23. Rc1+ Kd7 24. e4 Rd8 25. Ne3 Rc8 26. Ra1 Kc6 27.
Rxa6 Kb5 28. Ra7 Kxb4 29. Nd5+ Kb3 30. Nxb6 Rc2 31. Rb7 Nc5 32. Rxg7 1/2-1/2

[Event "Frankfurt Ch 2008"]
[Site "Ffm-Kalbach, LAZ"]
[Date "2008.05.26"]
[Round "4.15"]
[White "Escher, Helmut"]
[Black "Ochmann, Reimund"]
[Result "1-0"]
[WhiteElo "2078"]
[BlackElo "2123"]
[PlyCount "100"]
[EventDate "2008.??.??"]

1. d4 d5 2. Nf3 Nf6 3. Bf4 c5 4. e3 Nc6 5. c3 e6 6. Bd3 Bd6 7. Bxd6 Qxd6 8.
Nbd2 O-O 9. O-O e5 10. dxe5 Nxe5 11. Nxe5 Qxe5 12. Nf3 Qh5 13. h3 Re8 14. Nd2
Qh6 15. Qf3 Bd7 16. Rfe1 Bc6 17. Qf4 Qxf4 18. exf4 Ne4 19. Re2 Nxd2 20. Rxd2
Re6 21. Be2 d4 22. cxd4 cxd4 23. Rad1 Rd8 24. Bc4 Red6 25. f3 Kf8 26. Kf2 a6
27. Bb3 h6 28. Bc2 Ke7 29. Re1+ Kf6 30. Re5 g6 31. Bd3 Re6 32. Rxe6+ Kxe6 33.
Re2+ Kd6 34. Ke1 Bd5 35. b3 Rd7 36. Kd2 Rc7 37. Re8 Kd7 38. Re5 Be6 39. Re4 Ke7
40. Rxd4 Kf6 41. g4 Rc5 42. Be4 Bc8 43. Rd6+ Ke7 44. Rb6 Rc7 45. Ke3 h5 46.
gxh5 gxh5 47. h4 Rc5 48. Rh6 b5 49. Bd3 Kf8 50. Kd4 Kg7 1-0

[Event "Frankfurt Ch 2008"]
[Site "Ffm-Kalbach, LAZ"]
[Date "2008.05.26"]
[Round "4.16"]
[White "Richter, Tobias"]
[Black "Cors, Heinz-Friedrich"]
[Result "1-0"]
[WhiteElo "2099"]
[BlackElo "2016"]
[PlyCount "133"]
[EventDate "2008.??.??"]

1. e4 c6 2. Nc3 d5 3. Nf3 Bg4 4. h3 Bxf3 5. Qxf3 Nf6 6. d3 e6 7. g3 Bb4 8. a3
Be7 9. Bg2 Nbd7 10. O-O O-O 11. Qe2 b5 12. f4 Nb6 13. g4 a5 14. g5 Nfd7 15. Qg4
b4 16. axb4 axb4 17. Rxa8 Qxa8 18. Ne2 b3 19. f5 exf5 20. exf5 Ne5 21. Qg3 f6
22. gxf6 Bxf6 23. Bf4 Nbd7 24. d4 Nf7 25. Qxb3 Re8 26. Qd3 Bg5 27. c3 Nf6 28.
Bxg5 Nxg5 29. Nf4 Qb7 30. Qd2 Qe7 31. Nd3 Qe3+ 32. Qxe3 Rxe3 33. Ne5 c5 34. Kf2
cxd4 35. cxd4 Rb3 36. Rb1 Nge4+ 37. Kg1 Kf8 38. Ra1 Rxb2 39. Ra8+ Ne8 40. Bxe4
dxe4 41. Nc4 Rb1+ 42. Kf2 Ke7 43. Ke3 Nf6 44. Ra7+ Kf8 45. Kf4 Rb3 46. Ne3 Rb5
47. Ng4 Nh5+ 48. Kxe4 Ng3+ 49. Kd3 Nxf5 50. Kc4 Nd6+ 51. Kc3 Rh5 52. Kb4 Rb5+
53. Kc3 Rh5 54. Ra8+ Ke7 55. Ne5 Rxh3+ 56. Kb4 Ke6 57. Rg8 g6 58. Rh8 Rh4 59.
Kc5 Rh5 60. Kc6 Rh1 61. Nd3 Ke7 62. Kd5 Rh5+ 63. Ne5 Nf7 64. Ra8 Nxe5 65. dxe5
Rh1 66. Ra7+ Kf8 67. Ke6 1-0

[Event "Frankfurt Ch 2008"]
[Site "Ffm-Kalbach, LAZ"]
[Date "2008.05.26"]
[Round "4.18"]
[White "Svitek, Volker"]
[Black "Tierling, Detlef"]
[Result "1-0"]
[WhiteElo "2104"]
[BlackElo "2006"]
[PlyCount "83"]
[EventDate "2008.??.??"]

1. b4 e6 2. Bb2 Nf6 3. b5 d5 4. e3 Bd7 5. c4 c5 6. Nf3 Be7 7. Be2 dxc4 8. Bxc4
a6 9. a4 O-O 10. O-O axb5 11. axb5 Rxa1 12. Bxa1 Qb6 13. Qb3 Rd8 14. d4 Ne4 15.
Nc3 Nd6 16. Na4 Qc7 17. dxc5 Nxc4 18. Qxc4 Be8 19. Nd4 Bf6 20. Nb6 Be7 21. Rc1
e5 22. Nb3 Kf8 23. h3 f6 24. Nd5 Qd7 25. Nxe7 Qxe7 26. Bb2 Bf7 27. Qa4 Rd3 28.
Na5 g6 29. c6 bxc6 30. Nxc6 Nxc6 31. bxc6 Be6 32. Bc3 Qe8 33. Bb4+ Kg8 34. Qa7
Bc8 35. Qc5 Qf7 36. Ra1 Rd5 37. Qb6 Qe8 38. Ra7 Qd8 39. c7 Qe8 40. Qxf6 Rb5 41.
Bd6 Rb6 42. Ra8 1-0

[Event "Frankfurt Ch 2008"]
[Site "Ffm-Kalbach, LAZ"]
[Date "2008.05.26"]
[Round "4.19"]
[White "Thomele, Michael"]
[Black "Weiss, Matthias"]
[Result "0-1"]
[WhiteElo "1877"]
[BlackElo "2046"]
[PlyCount "60"]
[EventDate "2008.??.??"]

1. e4 c5 2. Nf3 e6 3. d4 cxd4 4. Nxd4 Nf6 5. Nc3 Nc6 6. Be2 Bb4 7. f3 d5 8. Bg5
Qa5 9. Nxc6 Bxc3+ 10. bxc3 Qxc3+ 11. Bd2 Qxc6 12. e5 Nd7 13. f4 O-O 14. O-O Nc5
15. Rb1 a6 16. Bb4 Re8 17. Bxc5 Qxc5+ 18. Kh1 b5 19. Rb3 Bd7 20. Rg3 b4 21. Bd3
g6 22. Qh5 Qf8 23. Re1 Bb5 24. f5 Bxd3 25. cxd3 exf5 26. Qxf5 Rac8 27. Qd7 Rxe5
28. Rf1 Qe8 29. Qb7 Re1 30. Rgf3 Rcc1 0-1

[Event "Frankfurt Ch 2008"]
[Site "Ffm-Kalbach, LAZ"]
[Date "2008.05.26"]
[Round "4.20"]
[White "Rasche, Hannes"]
[Black "Von Auer, Ulrich"]
[Result "0-1"]
[WhiteElo "2020"]
[BlackElo "2101"]
[PlyCount "64"]
[EventDate "2008.??.??"]

1. d4 Nf6 2. c4 g6 3. Nc3 Bg7 4. e4 d6 5. Nf3 O-O 6. Be2 e5 7. O-O Nc6 8. d5
Ne7 9. Ne1 Nd7 10. Be3 f5 11. f3 f4 12. Bf2 g5 13. b4 Ng6 14. c5 Nf6 15. Rc1
Rf7 16. cxd6 cxd6 17. a4 h5 18. a5 g4 19. Nb5 g3 20. Bxa7 Ne8 21. h3 Qh4 22.
Bd3 Bxh3 23. gxh3 Qxh3 24. Qd2 Nh4 25. Qb2 Bf8 26. Rc2 Nf6 27. Bb6 Ng4 28. fxg4
hxg4 29. Nc7 Rh7 30. Rh2 gxh2+ 31. Qxh2 Qxh2+ 32. Kxh2 Nf3+ 0-1

[Event "Frankfurt Ch 2008"]
[Site "Ffm-Kalbach, LAZ"]
[Date "2008.05.26"]
[Round "4.21"]
[White "Faqiry, Ramat"]
[Black "Syed, Tareq"]
[Result "1/2-1/2"]
[WhiteElo "1984"]
[BlackElo "2124"]
[PlyCount "39"]
[EventDate "2008.??.??"]

1. d4 g6 2. e4 c6 3. f4 d6 4. Nf3 Bg7 5. Bd3 Nh6 6. h3 e6 7. Nc3 Qb6 8. e5 Nf5
9. Bxf5 exf5 10. O-O O-O 11. Kh1 Rd8 12. Qe2 dxe5 13. fxe5 Be6 14. Ng5 Qa6 15.
Nxe6 Qxe2 16. Nxe2 fxe6 17. Bg5 Rd7 18. c3 Na6 19. Be3 Nc7 20. Nf4 1/2-1/2

[Event "Frankfurt Ch 2008"]
[Site "Ffm-Kalbach, LAZ"]
[Date "2008.05.26"]
[Round "4.22"]
[White "Henzner, Reiner"]
[Black "Fischer, Arthur"]
[Result "1-0"]
[WhiteElo "2094"]
[BlackElo "2013"]
[PlyCount "43"]
[EventDate "2008.??.??"]

1. c4 c5 2. Nc3 Nf6 3. g3 d5 4. cxd5 Nxd5 5. Bg2 Nc7 6. Qb3 Nc6 7. Bxc6+ bxc6
8. d3 e5 9. Nf3 Bd6 10. Be3 O-O 11. O-O Be6 12. Qa4 Nd5 13. Ng5 Bf5 14. Nge4
Bh3 15. Rfc1 Nxe3 16. fxe3 f5 17. Nf2 Bg4 18. Nxg4 fxg4 19. Qxg4 Rb8 20. b3 Bc7
21. Qe6+ Kh8 22. Ne4 1-0

[Event "Frankfurt Ch 2008"]
[Site "Ffm-Kalbach, LAZ"]
[Date "2008.05.26"]
[Round "4.23"]
[White "Geringer, Waldemar"]
[Black "Marzahn, Heiko"]
[Result "1/2-1/2"]
[WhiteElo "1886"]
[BlackElo "1938"]
[PlyCount "77"]
[EventDate "2008.??.??"]

1. d4 Nf6 2. c4 e6 3. Nf3 b6 4. g3 Ba6 5. Qc2 d5 6. c5 bxc5 7. dxc5 Ne4 8. b4
Be7 9. Bb2 Bf6 10. Nbd2 Nxd2 11. Nxd2 O-O 12. a4 c6 13. Rb1 e5 14. e4 Bxf1 15.
Kxf1 Qc8 16. Kg2 Na6 17. Ba3 Nc7 18. b5 Ne6 19. exd5 cxd5 20. c6 Re8 21. Nb3 e4
22. Rhd1 Ng5 23. Rg1 Qh3+ 24. Kh1 Nf3 25. Rg2 Re5 26. g4 Rg5 27. Bd6 Rxg4 28.
Bg3 h5 29. c7 Rc8 30. Rbg1 h4 31. Nd2 hxg3 32. Nxf3 exf3 33. Rxg3 Rxg3 34. Rxg3
Qh7 35. Qc6 Qb1+ 36. Rg1 Qf5 37. a5 Be5 38. Qxd5 Rxc7 39. Qd8+ 1/2-1/2

[Event "Frankfurt Ch 2008"]
[Site "Ffm-Kalbach, LAZ"]
[Date "2008.05.26"]
[Round "4.24"]
[White "Ganjian, Mehrdad"]
[Black "Noblé, Alexander"]
[Result "1-0"]
[WhiteElo "1803"]
[BlackElo "2077"]
[PlyCount "119"]
[EventDate "2008.??.??"]

1. e4 e6 2. d4 d5 3. exd5 Qxd5 4. c4 Qe4+ 5. Be3 Nf6 6. Nf3 Ng4 7. Qd3 Bb4+ 8.
Nc3 Qxd3 9. Bxd3 Nxe3 10. fxe3 Bd7 11. O-O O-O 12. Ne4 Bc6 13. c5 Bxe4 14. Bxe4
c6 15. a3 Ba5 16. b4 Bc7 17. b5 f5 18. Bd3 cxb5 19. Bxb5 Nc6 20. Bc4 Rae8 21.
Ng5 Nd8 22. a4 h6 23. Nf3 Nc6 24. Rab1 Na5 25. Ba2 a6 26. Nd2 Kh7 27. Nc4 Re7
28. Rb2 Rd8 29. Rfb1 Nxc4 30. Bxc4 Rdd7 31. Kf2 Ba5 32. Kf3 g5 33. Bd3 Kg6 34.
Bc4 g4+ 35. Kf2 Rc7 36. Bd3 Red7 37. Bc4 Kf6 38. Rb3 e5 39. Rd1 exd4 40. Rxd4
Re7 41. Rd6+ Kg5 42. Rd5 Rc6 43. Bd3 Rf6 44. e4 Bc7 45. Rxf5+ Rxf5+ 46. exf5 h5
47. g3 Ba5 48. Bb1 Be1+ 49. Kf1 Ba5 50. Rb2 Rc7 51. Be4 Rxc5 52. Rxb7 Re5 53.
Rg7+ Kf6 54. Rg6+ Kf7 55. Bd3 Re1+ 56. Kf2 Ra1 57. Bc4+ Kf8 58. f6 Ke8 59. f7+
Ke7 60. Re6+ 1-0

[Event "Frankfurt Ch 2008"]
[Site "Ffm-Kalbach, LAZ"]
[Date "2008.05.26"]
[Round "4.25"]
[White "Larem, Peter"]
[Black "Czech, Ludwig"]
[Result "0-1"]
[WhiteElo "1942"]
[BlackElo "2075"]
[PlyCount "72"]
[EventDate "2008.??.??"]

1. e4 e6 2. d4 d5 3. Nc3 Bb4 4. e5 c5 5. a3 Bxc3+ 6. bxc3 Qc7 7. Nf3 Bd7 8. Bd3
c4 9. Be2 Ba4 10. O-O Nc6 11. Nh4 O-O-O 12. f4 g6 13. Bd2 Qe7 14. Nf3 h5 15. f5
gxf5 16. Bg5 f6 17. exf6 Nxf6 18. Ne5 Rdg8 19. h4 Qg7 20. Bf3 Nxe5 21. dxe5 Nd7
22. Bxd5 exd5 23. Qxd5 Bc6 24. Qa5 Qxe5 25. Qxa7 Qc5+ 26. Qxc5 Nxc5 27. Rxf5
Ne4 28. Re1 Rh7 29. Ra5 b6 30. Re5 Nxg5 31. hxg5 Rhg7 32. Re6 Kd7 33. R6e5 Rxg5
34. Re7+ Kd8 35. R7e6 Rxg2+ 36. Kh1 Re2+ 0-1

[Event "Frankfurt Ch 2008"]
[Site "Ffm-Kalbach, LAZ"]
[Date "2008.05.26"]
[Round "4.26"]
[White "Schreiner, Roland"]
[Black "Ostermeier, Thorsten"]
[Result "1-0"]
[WhiteElo "1956"]
[BlackElo "1943"]
[PlyCount "65"]
[EventDate "2008.??.??"]

1. d4 d5 2. c4 e6 3. Nf3 c6 4. Nc3 Nf6 5. e3 Bd6 6. Bd3 Nbd7 7. O-O O-O 8. Qc2
dxc4 9. Bxc4 e5 10. Rd1 Qe7 11. b3 a6 12. Bb2 b5 13. Bd3 Bb7 14. Ne4 exd4 15.
Nxd6 Qxd6 16. Bxd4 Qe7 17. Rac1 Rac8 18. Bf5 Rc7 19. Qb2 g6 20. Bxd7 Nxd7 21.
Ne5 Qe6 22. h3 f5 23. Nd3 a5 24. Nf4 Qf7 25. Be5 Nxe5 26. Qxe5 Re8 27. Qc3 Ra8
28. Nd5 Rcc8 29. Nf6+ Kf8 30. Rd7 c5 31. Nxh7+ Kg8 32. Rxf7 Kxf7 33. Qf6+ 1-0

[Event "Frankfurt Ch 2008"]
[Site "Ffm-Kalbach, LAZ"]
[Date "2008.05.26"]
[Round "4.27"]
[White "Petri, Igor"]
[Black "Göbel, Andreas"]
[Result "0-1"]
[WhiteElo "1724"]
[BlackElo "2052"]
[PlyCount "92"]
[EventDate "2008.??.??"]

1. e4 c5 2. Nc3 Nc6 3. g3 g6 4. Bg2 Bg7 5. d3 e6 6. f4 Nge7 7. Nf3 d5 8. O-O
O-O 9. Kh1 a6 10. e5 b5 11. a4 b4 12. Ne2 Bd7 13. Be3 d4 14. Bf2 Rc8 15. Nd2
Na5 16. b3 Bc6 17. Ne4 Nb7 18. g4 Nd5 19. g5 h5 20. Qd2 Nc3 21. N2xc3 bxc3 22.
Qe2 Bxe4 23. Bxe4 Qb6 24. Rg1 Rfd8 25. Rg3 Rd7 26. Rh3 Kf8 27. Qf3 Na5 28. Rf1
Ke8 29. Bg3 Bf8 30. Rxh5 gxh5 31. Qxh5 Kd8 32. Qh8 Kc7 33. f5 Rcd8 34. fxe6 Be7
35. Qh7 fxe6 36. g6 Bf8 37. Rf7 Nxb3 38. Bh4 Kc8 39. Bxd8 Qxd8 40. Bd5 Rxf7 41.
Bxe6+ Rd7 42. g7 Bxg7 43. Qxg7 Kc7 44. Bxd7 Qxd7 45. Qg2 Qc6 46. h4 c4 0-1

[Event "Frankfurt Ch 2008"]
[Site "Ffm-Kalbach, LAZ"]
[Date "2008.05.26"]
[Round "4.28"]
[White "Rausch, Wolfgang"]
[Black "Koch, Markus"]
[Result "0-1"]
[WhiteElo "1673"]
[BlackElo "1935"]
[PlyCount "78"]
[EventDate "2008.??.??"]

1. c4 e6 2. Nc3 d5 3. d4 f5 4. Nf3 Nf6 5. Bg5 c6 6. e3 Bd6 7. Ne5 O-O 8. f4
Nbd7 9. Be2 Qe8 10. O-O h6 11. Bh4 Kh8 12. c5 Bc7 13. b4 Rg8 14. b5 g5 15. bxc6
bxc6 16. Bg3 Ba5 17. Rc1 Bxc3 18. Rxc3 Nxe5 19. fxe5 Ne4 20. Rb3 Qd8 21. Be1 g4
22. Bd3 Qg5 23. Bxe4 dxe4 24. Bg3 Ba6 25. Rf2 Bc4 26. Rb4 Bd3 27. Bf4 Qe7 28.
Rfb2 Ba6 29. Bxh6 Rad8 30. Qe1 g3 31. hxg3 Kh7 32. Bf4 Kg6 33. Kf2 Rh8 34. R2b3
Rh7 35. Rb1 Rdh8 36. R4b2 Bd3 37. Rc1 Rh2 38. Rd2 Qh7 39. Rxd3 Rxg2+ 0-1

[Event "Frankfurt Ch 2008"]
[Site "Ffm-Kalbach, LAZ"]
[Date "2008.05.26"]
[Round "4.29"]
[White "Biegel, Thomas"]
[Black "Wehhofer, Josef"]
[Result "1-0"]
[WhiteElo "2030"]
[BlackElo "1634"]
[PlyCount "71"]
[EventDate "2008.??.??"]

1. d4 Nf6 2. c4 e6 3. g3 c5 4. Nf3 cxd4 5. Nxd4 Nc6 6. Bg2 Bc5 7. Nb3 Be7 8.
O-O O-O 9. Nc3 Ne5 10. c5 d5 11. cxd6 Bxd6 12. Nb5 Bb8 13. Qc2 a6 14. Nc3 Ba7
15. Bf4 Ng6 16. Rad1 Nd7 17. Bd6 Re8 18. Ne4 Bb6 19. h4 e5 20. h5 Ngf8 21. Nc3
Qg5 22. Nd5 Ne6 23. Nxb6 Nxb6 24. Bf3 Nf4 25. Bc7 Nh3+ 26. Kh2 Nd7 27. Kxh3 e4
28. Bf4 Ne5+ 29. Kg2 exf3+ 30. exf3 Qxh5 31. g4 Qg6 32. Qc3 Nc6 33. Rd6 Be6 34.
Nc5 b6 35. Nxe6 Rxe6 36. Qxc6 1-0

[Event "Frankfurt Ch 2008"]
[Site "Ffm-Kalbach, LAZ"]
[Date "2008.05.26"]
[Round "4.30"]
[White "Graebner, Walter"]
[Black "Jung, Bernd"]
[Result "1-0"]
[WhiteElo "2053"]
[BlackElo "1899"]
[PlyCount "47"]
[EventDate "2008.??.??"]

1. d4 c6 2. e4 d5 3. Nc3 dxe4 4. Nxe4 Nf6 5. Nxf6+ gxf6 6. Nf3 Bf5 7. Bd3 e6 8.
Bf4 Nd7 9. O-O Bxd3 10. Qxd3 Nb6 11. Rfe1 Nd5 12. Bg3 Bd6 13. c4 Nf4 14. Qb3
Qd7 15. Qe3 Nh5 16. Bxd6 Qxd6 17. Qh6 Nf4 18. Qxf6 Rg8 19. g3 Rd8 20. Ne5 Nh3+
21. Kg2 Ng5 22. h4 Qc7 23. hxg5 Rxd4 24. Nxf7 1-0